Městské vody 2021 = Urban water 2021 : sborník přednášek konference s mezinárodní účastí. Velké Bílovice, 7. - 8. října 2021

Guardado en:
Detalles Bibliográficos
Autor Corporativo: Městské vody. Urban water 2021 Velké Bílovice, Česká republika
Otros Autores: Hlavínek, Petr (Revisador), Kubík, Jiří (Revisador)
Formato: Procedimiento de la Conferencia Libro
Lenguaje:checo
eslovaco
Publicado: Brno : ARDEC, 2021
Edición:1. vyd.
Etiquetas: Agregar Etiqueta
Sin Etiquetas, Sea el primero en etiquetar este registro!

MARC

LEADER 00000nam a22000003a 4500
001 0090844
003 SK-STU
005 20220509082551.7
007 ta
008 201027s ----xo-----e------100-0-----d
020 |a 978-80-86020-92-1 
040 |a STU  |b slo 
041 0 |a cze  |a slo 
044 |a xr 
111 2 |a Městské vody. Urban water 2021  |d 7. - 8. 10. 2021  |c Velké Bílovice, Česká republika 
245 1 0 |a Městské vody 2021 = Urban water 2021 :  |b sborník přednášek konference s mezinárodní účastí. Velké Bílovice, 7. - 8. října 2021  |h [elektronický zdroj] /  |c rec. Petr Hlavínek, Jiří Kubík 
250 |a 1. vyd. 
260 |a Brno :  |b ARDEC,  |c 2021 
300 |a USB kľúč, 210 s. 
700 1 |a Hlavínek, Petr  |4 rev 
700 1 |a Kubík, Jiří  |4 rev 
996 |c V* 973/A  |l VV17  |s P  |a 0  |w 0090844_0001 
996 |c V* 974/A  |l VV17  |s P  |a 0  |w 0090844_0002 
996 |c V* 975/A  |l VV17  |s P  |a 0  |w 0090844_0003